000 01736nam a22002177a 4500
020 _a9780070140691
041 _aENG
082 _a005.133
_bVAS
100 _aVaswani, Vikram.
245 _aPHP:
_ba beginner's guide/
_cVikram Vaswani.
260 _aNew Delhi:
_bMcGraw Hill Education Private Limited,
_c2009.
300 _axxiv, 453 Pages:
_bIllustrations;
_c24 cm.
504 _aIncludes Index.
505 _aPart I: Understanding PHP Basics Chapter 1. Introducing PHP Chapter 2. Using Variables and Operators Chapter 3. Controlling Program Flow Chapter 4. Working with Arrays Chapter 5. Using Functions and Classes Part II: Working with Data from Other Sources Chapter 6. Working with Files and Directories Chapter 7. Working with Databases and SQL Chapter 8. Working with XML Chapter 9. Working with Cookies, Sessions, and Headers Part III: Security and Troubleshooting Chapter 10. Handling Errors Chapter 11. Securing PHP Chapter 12. Expanding PHP Part IV: Appendixes Appendix A. Installing and Configuring Required Software Appendix B. Answers to Self Test Index
520 _aThis task-oriented reference teaches everything needed to build cutting-edge Web applications with PHP. It shows how to write basic PHP programs and enhance them with more advanced features such as MySQL and SQLite database integration, XML input, and third-party extensions. This fast-paced tutorial provides one-stop coverage of software installation, language syntax and data structures, flow control routines, built-in functions, and best practices.
650 _aProgramming languages
650 _aPHP
650 _aBeginner's Guide
700 _aForwarded by Cal Evans, Edited by Zend Developer Zone
942 _2ddc
_cBK
999 _c23954
_d23954